[Event "Bad Woerishofen op 28th"]
[Site "Bad Woerishofen"]
[Date "2012.03.08"]
[Round "7"]
[White "Feicht, Roland"]
[Black "Wiesbeck, Florian"]
[Result "1/2-1/2"]
[WhiteElo "1817"]
[BlackElo "1926"]
[PlyCount "35"]
[EventDate "2012.03.02"]
[EventType "swiss"]
[EventRounds "9"]
[EventCountry "GER"]
[SourceTitle "EXT 2019"]
[Source "ChessBase"]
[SourceDate "2018.10.10"]
[SourceVersion "1"]
[SourceVersionDate "2018.10.10"]
[SourceQuality "1"]

1. e4 c5 2. Nf3 e6 3. d4 cxd4 4. Nxd4 Qb6 5. Nb3 Qc7 6. Bd3 a6 7. Nc3 Nf6 8. g4 h6 9. Be3 d6 10. Qe2 Nc6 11. f4 Be7 12. g5 hxg5 13. fxg5 Nh5 14. Qf2 Ne5 15. Be2 g6 16. 0-0-0 b5 17. Kb1 Bd8 18. Rhf1 1/2-1/2

[Event "Bad Woerishofen op 28th"]
[Site "Bad Woerishofen"]
[Date "2012.03.02"]
[Round "1"]
[White "Wiesbeck, Florian"]
[Black "Mader, Manuela"]
[Result "0-1"]
[WhiteElo "1926"]
[BlackElo "2201"]
[PlyCount "84"]
[EventDate "2012.03.02"]
[EventType "swiss"]
[EventRounds "9"]
[EventCountry "GER"]
[SourceTitle "EXT 2019"]
[Source "ChessBase"]
[SourceDate "2018.10.10"]
[SourceVersion "1"]
[SourceVersionDate "2018.10.10"]
[SourceQuality "1"]

1. d4 Nf6 2. c4 g6 3. Nc3 Bg7 4. e4 d6 5. f3 0-0 6. Be3 Nc6 7. Qd2 a6 8. Rc1 e5 9. Nge2 Nd7 10. d5 Ne7 11. Bg5 f6 12. Be3 f5 13. Bh6 f4 14. Bxg7 Kxg7 15. Nd1 h6 16. Nf2 g5 17. Nd3 b6 18. Nc3 Nf6 19. Be2 Qe8 20. Bd1 g4 21. Qf2 Qh5 22. Kd2 Kh7 23. Be2 Rg8 24. Rcg1 gxf3 25. gxf3 Bd7 26. Rxg8 Rxg8 27. Rg1 Rg5 28. Ne1 Qg6 29. Rxg5 hxg5 30. Qg2 Qh5 31. Nd1 Ng6 32. Nf2 Nh4 33. Qg1 Qg6 34. Ng2 Nxg2 35. Qxg2 Kh6 36. a3 b5 37. cxb5 axb5 38. Ng4+ Bxg4 39. fxg4 Nxe4+ 40. Kc1 Nc5 41. Qh3+ Kg7 42. Bxb5 Qe4 0-1

[Event "Bad Woerishofen op 25th"]
[Site "Bad Woerishofen"]
[Date "2009.03.11"]
[Round "7"]
[White "Joachim, Klaus"]
[Black "Wiesbeck, Florian"]
[Result "0-1"]
[WhiteElo "1861"]
[BlackElo "1994"]
[PlyCount "96"]
[EventDate "2009.03.05"]
[EventType "swiss"]
[EventRounds "9"]
[EventCountry "GER"]
[SourceTitle "CBM 129 Extra"]
[Source "ChessBase"]
[SourceDate "2009.05.05"]
[SourceVersion "2"]
[SourceVersionDate "2009.05.20"]
[SourceQuality "1"]

1. e4 c5 2. Nf3 e6 3. d4 cxd4 4. Nxd4 Qb6 5. c3 Bc5 6. Qc2 Nc6 7. Nb3 Be7 8. Be3 Qc7 9. N1d2 Nf6 10. Be2 0-0 11. 0-0 d5 12. Rad1 b6 13. Bf3 dxe4 14. Nxe4 Bb7 15. Nxf6+ Bxf6 16. Be4 g6 17. Nd4 Nxd4 18. Bxd4 Bxd4 19. Bxb7 Bxf2+ 20. Qxf2 Qxb7 21. Qf6 Qc7 22. Rf3 Rad8 23. Rfd3 Rxd3 24. Rxd3 Qc4 25. Rd8 Qc5+ 26. Kf1 Rxd8 27. Qxd8+ Kg7 28. Qd3 Qd5 29. Qxd5 exd5 30. Ke2 Kf6 31. Kd3 Ke5 32. g3 g5 33. a4 h5 34. b4 a6 35. c4 dxc4+ 36. Kxc4 Kd6 37. Kd4 f5 38. h3 h4 39. gxh4 gxh4 40. Ke3 Ke5 41. Kf3 f4 42. Kf2 Ke4 43. Ke2 f3+ 44. Kf2 Kf4 45. Kf1 Kg3 46. Kg1 Kxh3 47. Kh1 Kg3 48. Kg1 f2+ 0-1

[Event "Feffernitz Raika op 17th"]
[Site "Feffernitz"]
[Date "2008.08.22"]
[Round "7"]
[White "Wiesbeck, Florian"]
[Black "Rodman, Franc"]
[Result "0-1"]
[WhiteElo "2021"]
[BlackElo "2195"]
[PlyCount "46"]
[EventDate "2008.08.17"]
[EventType "swiss"]
[EventRounds "9"]
[EventCountry "AUT"]
[SourceTitle "CBM 126 Extra"]
[Source "ChessBase"]
[SourceDate "2008.11.05"]
[SourceVersion "1"]
[SourceVersionDate "2008.11.05"]
[SourceQuality "1"]

1. d4 Nf6 2. c4 c5 3. d5 b5 4. Nf3 Bb7 5. a4 b4 6. g3 g6 7. b3 Bg7 8. Bb2 0-0 9. Bg2 e6 10. dxe6 fxe6 11. 0-0 Nc6 12. Qc2 Qe7 13. e4 Nxe4 14. Bxg7 Qxg7 15. Nbd2 Nc3 16. Rae1 Nd8 17. Qd3 Qe7 18. Bh3 Nf7 19. Re3 Rad8 20. Rfe1 Qf6 21. Rf1 e5 22. Ne1 d5 23. Qc2 d4 0-1

[Event "Feffernitz Raika op 17th"]
[Site "Feffernitz"]
[Date "2008.08.20"]
[Round "5"]
[White "Wiesbeck, Florian"]
[Black "Rochleder, Eric"]
[Result "1-0"]
[WhiteElo "2021"]
[BlackElo "1711"]
[PlyCount "73"]
[EventDate "2008.08.17"]
[EventType "swiss"]
[EventRounds "9"]
[EventCountry "AUT"]
[SourceTitle "CBM 126 Extra"]
[Source "ChessBase"]
[SourceDate "2008.11.05"]
[SourceVersion "1"]
[SourceVersionDate "2008.11.05"]
[SourceQuality "1"]

1. d4 f5 2. e4 fxe4 3. Nc3 d5 4. Qh5+ g6 5. Qxd5 Qxd5 6. Nxd5 Kd8 7. Bf4 Nc6 8. c3 Bg7 9. Bxc7+ Kd7 10. Bg3 e6 11. Ne3 Nf6 12. Be2 Nd5 13. Nxd5 exd5 14. f3 e3 15. Nh3 a6 16. Nf4 Ne7 17. 0-0 Bh6 18. Nd3 Nf5 19. Be5 Re8 20. f4 Bf8 21. Bf3 Ke6 22. Bg4 h5 23. Bh3 Kf7 24. Bxf5 Bxf5 25. Nc1 Be4 26. Re1 Bh6 27. Rxe3 g5 28. Ne2 gxf4 29. Bxf4 Bxf4 30. Nxf4 Rg8 31. Rf1 Ke8 32. Rf2 Kd7 33. Nxh5 Raf8 34. Rxe4 dxe4 35. Nf6+ Rxf6 36. Rxf6 Ke7 37. Rf4 1-0

[Event "St Veit op-B 27th"]
[Site "St Veit"]
[Date "2008.07.06"]
[Round "?"]
[White "Wiesbeck, Florian"]
[Black "Rauchlahner, Robert"]
[Result "1-0"]
[WhiteElo "1992"]
[BlackElo "1988"]
[PlyCount "95"]
[EventDate "2008.07.05"]
[EventType "swiss"]
[EventRounds "9"]
[EventCountry "AUT"]
[SourceTitle "EXT 2024"]
[Source "ChessBase"]
[SourceDate "2023.10.10"]
[SourceVersion "1"]
[SourceVersionDate "2023.10.10"]
[SourceQuality "1"]

1. d4 Nf6 2. c4 d6 3. Nc3 g6 4. e4 Bg7 5. f3 0-0 6. Be3 c6 7. Qd2 a6 8. Rc1 b5 9. b3 Re8 10. Bd3 e5 11. d5 b4 12. Na4 c5 13. Ne2 Nbd7 14. 0-0 Qa5 15. Bb1 Qc7 16. Ng3 Nb6 17. Nb2 a5 18. Bd3 Bd7 19. Ra1 Reb8 20. a4 bxa3 21. Rxa3 a4 22. bxa4 Nxa4 23. Nxa4 Rxa4 24. Rxa4 Bxa4 25. Ra1 Bd7 26. Qa2 h6 27. Bd2 Kh7 28. Bc2 Ng8 29. Rb1 Ne7 30. Rxb8 Qxb8 31. Qb3 Qa7 32. Ne2 h5 33. Nc3 Bh6 34. Bxh6 Kxh6 35. Qa2 Qb6 36. Kf1 f5 37. Ke2 g5 38. Kd2 fxe4 39. Bxe4 Nf5 40. Qb1 Qxb1 41. Bxb1 Nh4 42. Bd3 Nxg2 43. Ne4 Nh4 44. Ke2 Bf5 45. Nxd6 Bxd3+ 46. Kxd3 Nxf3 47. Nb7 Nxh2 48. d6 1-0

[Event "Bad Woerishofen op 24th"]
[Site "Bad Woerishofen"]
[Date "2008.03.04"]
[Round "6"]
[White "Wiesbeck, Florian"]
[Black "Reitz, Rolf"]
[Result "1-0"]
[WhiteElo "1992"]
[BlackElo "2193"]
[PlyCount "59"]
[EventDate "2008.02.28"]
[EventType "swiss"]
[EventRounds "9"]
[EventCountry "GER"]
[SourceTitle "CBM 123 Extra"]
[Source "ChessBase"]
[SourceDate "2008.05.06"]
[SourceVersion "1"]
[SourceVersionDate "2008.05.06"]
[SourceQuality "1"]

1. d4 d5 2. Nf3 Nf6 3. c4 e6 4. Nc3 c6 5. cxd5 exd5 6. Bg5 Be7 7. e3 Nbd7 8. Bd3 0-0 9. Qc2 Re8 10. 0-0 Nf8 11. Rab1 a5 12. a3 g6 13. b4 axb4 14. axb4 Ne6 15. Bxf6 Bxf6 16. Rfc1 Bg7 17. Na4 Bf8 18. b5 Re7 19. bxc6 bxc6 20. Ne5 Rc7 21. Nb6 Ra3 22. Nxc6 Qe8 23. Nxd5 Qxc6 24. Qxc6 Rxc6 25. Rxc6 Rxd3 26. Rxc8 Kg7 27. Kf1 h5 28. h4 g5 29. hxg5 Nxg5 30. Nf4 1-0

[Event "Seefeld op 18th"]
[Site "Seefeld"]
[Date "2007.09.06"]
[Round "6"]
[White "Stuch, Hans Ferdinand"]
[Black "Wiesbeck, Florian"]
[Result "1-0"]
[WhiteElo "1602"]
[BlackElo "1990"]
[PlyCount "61"]
[EventDate "2007.09.01"]
[EventType "swiss"]
[EventRounds "9"]
[EventCountry "AUT"]
[SourceTitle "EXT 2009"]
[Source "ChessBase"]
[SourceDate "2008.11.26"]
[SourceVersion "1"]
[SourceVersionDate "2008.11.26"]
[SourceQuality "1"]

1. d4 d5 2. Nf3 Nf6 3. Bg5 Nbd7 4. e3 e6 5. Bd3 Bd6 6. 0-0 h6 7. Bf4 0-0 8. Nbd2 a6 9. Ne5 Qe7 10. Qf3 Re8 11. Qh3 Nf8 12. g4 N6h7 13. Bg3 f6 14. Ng6 Nxg6 15. Bxg6 Rf8 16. f4 Bd7 17. Rf2 Be8 18. Bd3 Bf7 19. Nf3 Rfe8 20. Raf1 Nf8 21. g5 hxg5 22. fxg5 f5 23. Ne5 Qxg5 24. Nxf7 Kxf7 25. Rxf5+ exf5 26. Rxf5+ Qxf5 27. Qxf5+ Kg8 28. Qxd5+ Kh8 29. Qh5+ Kg8 30. Bc4+ Ne6 31. Qf5 1-0

[Event "Seefeld op 18th"]
[Site "Seefeld"]
[Date "2007.09.02"]
[Round "2"]
[White "Jaenig, Reinhard"]
[Black "Wiesbeck, Florian"]
[Result "1-0"]
[WhiteElo "2176"]
[BlackElo "1990"]
[PlyCount "63"]
[EventDate "2007.09.01"]
[EventType "swiss"]
[EventRounds "9"]
[EventCountry "AUT"]
[SourceTitle "EXT 2009"]
[Source "ChessBase"]
[SourceDate "2008.11.26"]
[SourceVersion "1"]
[SourceVersionDate "2008.11.26"]
[SourceQuality "1"]

1. e4 c5 2. Nf3 e6 3. d4 cxd4 4. Nxd4 Nc6 5. Nb5 d6 6. Bf4 e5 7. Be3 Nf6 8. N1c3 a6 9. Na3 Ng4 10. Nd5 Nxe3 11. Nxe3 Be7 12. Be2 0-0 13. 0-0 b5 14. Bg4 Be6 15. c3 Qd7 16. h3 g6 17. Nd5 Bd8 18. Nc2 h5 19. Be2 Kg7 20. Nce3 Qb7 21. Kh2 Bg5 22. Qd3 Rfd8 23. g3 Rd7 24. f4 exf4 25. gxf4 Bd8 26. f5 Ne5 27. Qd4 Bxd5 28. Nxd5 Qa7 29. f6+ Kh7 30. Qd2 Qc5 31. Bxh5 gxh5 32. Qg5 1-0

[Event "Seefeld op 17th"]
[Site "Seefeld"]
[Date "2006.09.29"]
[Round "7"]
[White "Wiesbeck, Florian"]
[Black "Thoeny, Hermann"]
[Result "1/2-1/2"]
[WhiteElo "1999"]
[BlackElo "2175"]
[PlyCount "52"]
[EventDate "2006.09.23"]
[EventType "swiss"]
[EventRounds "9"]
[EventCountry "AUT"]
[SourceTitle "EXT 2009"]
[Source "ChessBase"]
[SourceDate "2008.11.26"]
[SourceVersion "1"]
[SourceVersionDate "2008.11.26"]
[SourceQuality "1"]

1. d4 Nf6 2. c4 g6 3. Nc3 d5 4. cxd5 Nxd5 5. e4 Nxc3 6. bxc3 Bg7 7. Bc4 0-0 8. Ne2 Nc6 9. Be3 b6 10. h4 Bb7 11. h5 Na5 12. Bd3 Qd6 13. hxg6 hxg6 14. Qd2 Rfd8 15. Bh6 Bxh6 16. Qxh6 Qf6 17. Qh7+ Kf8 18. Rh4 Qg7 19. Kd2 e6 20. Rah1 Qxh7 21. Rxh7 Ke7 22. Nf4 Rg8 23. R1h6 Kf8 24. Nh3 Ke7 25. Ng5 Raf8 26. f4 c5 1/2-1/2

[Event "Seefeld op 17th"]
[Site "Seefeld"]
[Date "2006.09.25"]
[Round "3"]
[White "Wiesbeck, Florian"]
[Black "Strasser, Josef1111"]
[Result "1/2-1/2"]
[WhiteElo "1999"]
[BlackElo "1917"]
[PlyCount "80"]
[EventDate "2006.09.23"]
[EventType "swiss"]
[EventRounds "9"]
[EventCountry "AUT"]
[SourceTitle "EXT 2009"]
[Source "ChessBase"]
[SourceDate "2008.11.26"]
[SourceVersion "1"]
[SourceVersionDate "2008.11.26"]
[SourceQuality "1"]

1. d4 d5 2. Nf3 Nf6 3. c4 e6 4. Nc3 c6 5. e3 Nbd7 6. Qc2 Bd6 7. b3 0-0 8. Be2 b6 9. 0-0 Bb7 10. Bb2 Rc8 11. Rac1 c5 12. Qb1 dxc4 13. dxc5 Nxc5 14. bxc4 Qe7 15. Nb5 Bb8 16. Rfd1 Rfd8 17. Be5 Bxf3 18. Rxd8+ Rxd8 19. Bxf6 Qxf6 20. Bxf3 h5 21. Nd4 e5 22. Nc6 e4 23. Bxe4 Nxe4 24. Qxe4 Qd6 25. g3 Rf8 26. Qd5 Qf6 27. Rd1 h4 28. Nxb8 hxg3 29. hxg3 Rxb8 30. Qd6 Qxd6 31. Rxd6 Rb7 32. Kg2 Kf8 33. Kf3 Ke7 34. Rd4 Rc7 35. Ke4 Rc5 36. f4 f5+ 37. Kf3 Ra5 38. Rd2 Rc5 39. Rd4 Ra5 40. Rd2 Rc5 1/2-1/2

[Event "Seefeld op 17th"]
[Site "Seefeld"]
[Date "2006.09.23"]
[Round "1"]
[White "Wiesbeck, Florian"]
[Black "Pilz, Dieter"]
[Result "0-1"]
[WhiteElo "1999"]
[BlackElo "2333"]
[PlyCount "48"]
[EventDate "2006.09.23"]
[EventType "swiss"]
[EventRounds "9"]
[EventCountry "AUT"]
[SourceTitle "EXT 2009"]
[Source "ChessBase"]
[SourceDate "2008.11.26"]
[SourceVersion "1"]
[SourceVersionDate "2008.11.26"]
[SourceQuality "1"]

1. d4 Nf6 2. Nf3 g6 3. c4 c5 4. d5 d6 5. Nc3 Bg7 6. Bg5 0-0 7. e3 a6 8. Be2 b5 9. cxb5 h6 10. Bxf6 Bxf6 11. 0-0 axb5 12. Bxb5 Qa5 13. Qb3 Bd7 14. Be2 Na6 15. a3 Rfb8 16. Qc2 Nc7 17. Rfd1 Rxb2 18. Qxb2 Bxc3 19. Qa2 Bxa1 20. Rxa1 Bb5 21. Bxb5 Nxb5 22. a4 Qb4 23. a5 Nc3 24. Qa3 Nxd5 0-1

[Event "St Veit op 25th"]
[Site "St Veit"]
[Date "2006.07.10"]
[Round "3"]
[White "Manole, Vasile"]
[Black "Wiesbeck, Florian"]
[Result "1-0"]
[WhiteElo "2383"]
[BlackElo "1999"]
[PlyCount "51"]
[EventDate "2006.07.08"]
[EventType "swiss"]
[EventRounds "9"]
[EventCountry "AUT"]
[SourceTitle "CBM 113 Extra"]
[Source "ChessBase"]
[SourceDate "2006.09.14"]
[SourceVersion "1"]
[SourceVersionDate "2006.09.14"]
[SourceQuality "1"]

1. e4 c5 2. Nc3 e6 3. f4 g6 4. Nf3 Bg7 5. d4 cxd4 6. Nxd4 Ne7 7. Ndb5 d5 8. exd5 exd5 9. Nxd5 Na6 10. Ne3 Qxd1+ 11. Kxd1 0-0 12. c3 Be6 13. Bc4 Nc5 14. Bxe6 Nxe6 15. g3 Rad8+ 16. Ke2 a6 17. Na3 Rfe8 18. Rd1 Nd5 19. Kf3 Nf6 20. Nac2 Nc5 21. Rxd8 Rxd8 22. Nd4 Nce4 23. Nec2 Re8 24. Be3 Nd5 25. Rd1 f5 26. Nxf5 1-0

[Event "Feffernitz Raika op 14th"]
[Site "Feffernitz"]
[Date "2005.08.23"]
[Round "4"]
[White "Holzbauer, Johannes"]
[Black "Wiesbeck, Florian"]
[Result "1/2-1/2"]
[WhiteElo "2123"]
[BlackElo "1964"]
[PlyCount "43"]
[EventDate "2005.08.21"]
[EventType "swiss"]
[EventRounds "9"]
[EventCountry "AUT"]
[SourceTitle "CBM 108 Extra"]
[Source "ChessBase"]
[SourceDate "2005.11.04"]
[SourceVersion "1"]
[SourceVersionDate "2005.11.04"]
[SourceQuality "1"]

1. d4 d5 2. Nf3 Nf6 3. e3 c5 4. c3 Qb6 5. Bd3 Nc6 6. h3 e6 7. Nbd2 Bd6 8. 0-0 0-0 9. dxc5 Qxc5 10. e4 Rd8 11. Nb3 Qb6 12. exd5 Nxd5 13. Ng5 h6 14. Ne4 Be7 15. Qe2 Ne5 16. Bc2 Qc7 17. Nd4 a6 18. Re1 Bd7 19. Ng3 Bd6 20. Ne4 Be7 21. Ng3 Bd6 22. Ne4 1/2-1/2

[Event "Seefeld op 15th"]
[Site "Seefeld"]
[Date "2004.09.25"]
[Round "8"]
[White "Wiesbeck, Florian"]
[Black "Safdar, Mahmood"]
[Result "1-0"]
[WhiteElo "1923"]
[BlackElo "1515"]
[PlyCount "57"]
[EventDate "2004.09.18"]
[EventType "swiss"]
[EventRounds "9"]
[EventCountry "AUT"]
[SourceTitle "EXT 2005"]
[Source "ChessBase"]
[SourceDate "2004.11.15"]
[SourceVersion "1"]
[SourceVersionDate "2004.11.15"]
[SourceQuality "1"]

1. d4 d5 2. c4 Nf6 3. Nc3 e6 4. Nf3 Be7 5. Bf4 0-0 6. e3 Bb4 7. Bd3 Ne4 8. Qc2 f5 9. 0-0 c6 10. a3 Bxc3 11. bxc3 Nd7 12. cxd5 exd5 13. c4 Ndf6 14. h3 Nh5 15. Bh2 a6 16. cxd5 cxd5 17. Rfc1 b5 18. Bc7 Qf6 19. Be5 Qh6 20. Qc6 Be6 21. Qb7 Rfe8 22. Rc7 Kh8 23. Rac1 Ng5 24. Nh4 Rf8 25. Nxf5 Bxf5 26. Bxf5 Rab8 27. Qxb8 Rg8 28. Rc8 Nf6 29. Bxf6 1-0

[Event "Seefeld op 15th"]
[Site "Seefeld"]
[Date "2004.09.20"]
[Round "3"]
[White "Hofer, Franz"]
[Black "Wiesbeck, Florian"]
[Result "1-0"]
[WhiteElo "2079"]
[BlackElo "1923"]
[PlyCount "69"]
[EventDate "2004.09.18"]
[EventType "swiss"]
[EventRounds "9"]
[EventCountry "AUT"]
[SourceTitle "EXT 2005"]
[Source "ChessBase"]
[SourceDate "2004.11.15"]
[SourceVersion "1"]
[SourceVersionDate "2004.11.15"]
[SourceQuality "1"]

1. d4 d5 2. Nf3 Nf6 3. e3 c5 4. b3 cxd4 5. exd4 Bg4 6. Bd3 Nc6 7. Bb2 e6 8. 0-0 Bd6 9. Nbd2 0-0 10. a3 Rc8 11. Qe1 a6 12. Ne5 Bh5 13. f4 Bg6 14. Nxg6 hxg6 15. g3 Re8 16. Nf3 Qb6 17. Kg2 Bb8 18. h3 Ba7 19. Qe2 Qc7 20. Rae1 Bb8 21. Qf2 Na7 22. Qe2 Rcd8 23. Ne5 Nc8 24. Ng4 Nd6 25. Nxf6+ gxf6 26. h4 Kg7 27. h5 Qd7 28. Rh1 Nf5 29. hxg6 fxg6 30. Rh2 Nh6 31. Bxg6 Rh8 32. Bd3 f5 33. Qxe6 Qxe6 34. Rxe6 Rdg8 35. Kf3 1-0

[Event "Seefeld op 15th"]
[Site "Seefeld"]
[Date "2004.09.19"]
[Round "2"]
[White "Wiesbeck, Florian"]
[Black "Fischer, Gerd1111"]
[Result "1/2-1/2"]
[WhiteElo "1923"]
[BlackElo "2094"]
[PlyCount "31"]
[EventDate "2004.09.18"]
[EventType "swiss"]
[EventRounds "9"]
[EventCountry "AUT"]
[SourceTitle "EXT 2005"]
[Source "ChessBase"]
[SourceDate "2004.11.15"]
[SourceVersion "1"]
[SourceVersionDate "2004.11.15"]
[SourceQuality "1"]

1. d4 e6 2. c4 f5 3. g3 Nf6 4. Bg2 Be7 5. Nh3 0-0 6. 0-0 d5 7. Qc2 c6 8. Nf4 Bd6 9. Nd3 Nbd7 10. b3 Qe7 11. Bb2 e5 12. dxe5 Nxe5 13. Nd2 dxc4 14. Nxe5 Bxe5 15. Bxe5 Qxe5 16. Nxc4 1/2-1/2

[Event "Seefeld op 15th"]
[Site "Seefeld"]
[Date "2004.09.18"]
[Round "1"]
[White "Hertel, Peter"]
[Black "Wiesbeck, Florian"]
[Result "1/2-1/2"]
[WhiteElo "2267"]
[BlackElo "1923"]
[PlyCount "44"]
[EventDate "2004.09.18"]
[EventType "swiss"]
[EventRounds "9"]
[EventCountry "AUT"]
[SourceTitle "EXT 2005"]
[Source "ChessBase"]
[SourceDate "2004.11.15"]
[SourceVersion "1"]
[SourceVersionDate "2004.11.15"]
[SourceQuality "1"]

1. e4 c5 2. Nf3 e6 3. d4 cxd4 4. Nxd4 Qb6 5. Nb3 Qc7 6. Nc3 a6 7. Bd3 b5 8. Qe2 Bb7 9. 0-0 Nc6 10. f4 Nb4 11. Be3 Nf6 12. a3 Nxd3 13. cxd3 d6 14. Rac1 Qd8 15. h3 Be7 16. Qf2 Nd7 17. Nd4 0-0 18. b4 Bf6 19. f5 Qe7 20. g4 Rac8 21. Qd2 h6 22. fxe6 fxe6 1/2-1/2

[Event "Bad Woerishofen op 20th"]
[Site "Bad Woerishofen"]
[Date "2004.03.23"]
[Round "6"]
[White "Engl, Heinz"]
[Black "Wiesbeck, Florian"]
[Result "1-0"]
[WhiteElo "2095"]
[BlackElo "1930"]
[PlyCount "51"]
[EventDate "2004.03.18"]
[EventType "swiss"]
[EventRounds "9"]
[EventCountry "GER"]
[SourceTitle "EXT 2021"]
[Source "ChessBase"]
[SourceDate "2020.10.23"]
[SourceVersion "1"]
[SourceVersionDate "2020.10.23"]
[SourceQuality "1"]

1. e4 c5 2. Nf3 e6 3. d4 cxd4 4. Nxd4 Qb6 5. Nb3 Qc7 6. Nc3 a6 7. Bd3 b6 8. 0-0 Bb7 9. f4 d6 10. Qe2 Nc6 11. f5 Nf6 12. Bg5 Be7 13. Rae1 0-0 14. Kh1 h6 15. Bd2 Nh7 16. fxe6 fxe6 17. Qg4 Kh8 18. Qxe6 Nf6 19. Nd5 Nxd5 20. Rxf8+ Rxf8 21. exd5 Ne5 22. Rxe5 dxe5 23. Qg6 e4 24. Qxe4 g6 25. Qxg6 Bg5 26. Bc3+ 1-0